Statistiques concernant Pays ayant gagné le plus de Batailles

Cliquez ici pour prendre le quiz!

Statistiques générales

  • Ce quiz a été pris 1,753 fois
  • Le résultat moyen est 21 sur 28

Statistiques - réponses

Batailles gagnées Réponse % Correct
1105Royaume-Uni
99%
1115France
99%
833États Unis
98%
560Allemagne / Prusse / SER
97%
491Russie / Union Soviétique
97%
244Chine
96%
387Espagne
96%
183Japon
95%
132Italie
94%
110Portugal
89%
82Canada
85%
210Turquie / Empire Ottoman
84%
93Inde / Moghols
84%
89Grèce
81%
209Autriche
81%
344Pologne
78%
102Iran / Empires Perses
77%
165Suède
77%
137Australie
75%
76Egypte
72%
114Pays-Bas
71%
78Corée
67%
92Mongolie
66%
79Danemark
65%
259Rome
33%
107Byzance
9%
108Califats Islamiques
4%
128États Confédérés
3%

Distribution des résultats

Percentile par nombre de réponses

% des personnes avec chaque résultat

Votre développement - résultats

Vous n’avez pas pris ce quiz